New Brunswick Counties - Statistics

General Stats
  • This quiz has been taken 34 times
  • The average score is 12 of 15
Answer Stats
County % Correct
Queens
95%
Kings
85%
Saint John
85%
Albert
80%
Charlotte
80%
Northumberland
80%
Restigouche
80%
Westmorland
80%
Gloucester
75%
Madawaska
75%
Victoria
75%
York
75%
Carleton
70%
Kent
70%
Sunbury
65%
No matching quizzes found
Score Distribution
Percent of People with Each Score
Percentile by Number Answered
Your Score History
You have not taken this quiz